| 000 | 00864cam a2200193 4500 | ||
|---|---|---|---|
| 001 | ABS62475 | ||
| 008 | 000000n2000 000 0 eng u | ||
| 035 | _a(Sirsi) u106609 | ||
| 100 | _aWilliamson, T. | ||
| 245 | _aControlling the Cinderella pollutant | ||
| 260 | _c2000 | ||
| 490 |
_aEnvironment Information Bulletin _v(100) June 2000, 13-16(4) |
||
| 520 | _aReviews existing noise legislation and government guidance in the UK, including planning controls; and sets out practical approaches to controlling noise, and considers future legislative developments, especially that coming in the form of EU directives and the implementation of the Pollution Prevention and Control Act 1999 which came into force in July 2000. | ||
| 590 | _aABS | ||
| 650 | _aNOISE POLLUTION | ||
| 650 | _aNOISE CONTROL | ||
| 690 | _aENVIRONMENT-CONTAMINATION | ||
| 942 | _n0 | ||
| 999 |
_c63835 _d63835 |
||